header

Memoir of a Gulag actress / (Record no. 4131)

MARC details
000 -LEADER
fixed length control field 02087nam a2200469 i 4500
001 - CONTROL NUMBER
control field ebr10950069
003 - CONTROL NUMBER IDENTIFIER
control field CaPaEBR
006 - FIXED-LENGTH DATA ELEMENTS--ADDITIONAL MATERIAL CHARACTERISTICS--GENERAL INFORMATION
fixed length control field m o d
007 - PHYSICAL DESCRIPTION FIXED FIELD--GENERAL INFORMATION
fixed length control field cr cn|||||||||
008 - FIXED-LENGTH DATA ELEMENTS--GENERAL INFORMATION
fixed length control field 141016t20102010ilu o 001 0deng d
020 ## - INTERNATIONAL STANDARD BOOK NUMBER
Cancelled/invalid ISBN 9780875804286
International Standard Book Number 9781609090074 (e-book)
040 ## - CATALOGING SOURCE
Original cataloging agency CaPaEBR
Language of cataloging eng
Description conventions rda
-- pn
Transcribing agency CaPaEBR
035 ## - SYSTEM CONTROL NUMBER
System control number (OCoLC)893673925
043 ## - GEOGRAPHIC AREA CODE
Geographic area code e-ur---
050 14 - LIBRARY OF CONGRESS CALL NUMBER
Classification number DK268.P44
Item number .P485 2010eb
082 04 - DEWEY DECIMAL CLASSIFICATION NUMBER
Classification number 365/.45092
Edition number 22
100 1# - MAIN ENTRY--PERSONAL NAME
Personal name Petkevich, T. V.
Fuller form of name (Tamara Vladimirovna),
Relator term author.
245 10 - TITLE STATEMENT
Title Memoir of a Gulag actress /
Statement of responsibility, etc Tamara Petkevich ; translated by Yasha Klots and Ross Ufberg ; foreword by Joshua Rubenstein ; Julia Fauci, design.
264 #1 - PRODUCTION, PUBLICATION, DISTRIBUTION, MANUFACTURE, AND COPYRIGHT NOTICE
Place of production, publication, distribution, manufacture DeKalb, Illinois :
Name of producer, publisher, distributor, manufacturer Northern Illinois University Press,
Date of production, publication, distribution, manufacture, or copyright notice 2010.
Date of production, publication, distribution, manufacture, or copyright notice �2010
300 ## - PHYSICAL DESCRIPTION
Extent 1 online resource (496 pages)
336 ## - CONTENT TYPE
Content type term text
Source rdacontent
337 ## - MEDIA TYPE
Media type term computer
Source rdamedia
338 ## - CARRIER TYPE
Carrier type term online resource
Source rdacarrier
500 ## - GENERAL NOTE
General note Includes index.
588 ## - SOURCE OF DESCRIPTION NOTE
Source of description note Description based on print version record.
590 ## - LOCAL NOTE (RLIN)
Local note Electronic reproduction. Palo Alto, Calif. : ebrary, 2014. Available via World Wide Web. Access may be limited to ebrary affiliated libraries.
600 10 - SUBJECT ADDED ENTRY--PERSONAL NAME
Personal name Petkevich, T. V.
Fuller form of name (Tamara Vladimirovna)
650 #0 - SUBJECT ADDED ENTRY--TOPICAL TERM
Topical term or geographic name as entry element Political persecution
Geographic subdivision Soviet Union
General subdivision History.
Topical term or geographic name as entry element Women political prisoners
Geographic subdivision Soviet Union
Form subdivision Biography.
Topical term or geographic name as entry element Political prisoners
Geographic subdivision Soviet Union
Form subdivision Biography.
Topical term or geographic name as entry element Actresses
Geographic subdivision Soviet Union
Form subdivision Biography.
655 #0 - INDEX TERM--GENRE/FORM
Genre/form data or focus term Electronic books.
700 1# - ADDED ENTRY--PERSONAL NAME
Personal name Klots, Yasha,
Relator term translator.
Personal name Ufberg, Ross,
Relator term translator.
Personal name Rubenstein, Joshua,
Relator term author of introduction, etc.
Personal name Fauci, Julia,
Relator term designer.
776 08 - ADDITIONAL PHYSICAL FORM ENTRY
Display text Print version:
Main entry heading Petkevich, T. V., (Tamara Vladimirovna)
Title Memoir of a Gulag actress.
Place, publisher, and date of publication DeKalb, Illinois : Northern Illinois University Press, c2010
Physical description xiv, 481 pages
International Standard Book Number 9780875804286
Record control number 2010014125
797 2# - LOCAL ADDED ENTRY--CORPORATE NAME (RLIN)
Corporate name or jurisdiction name as entry element ebrary.
856 40 - ELECTRONIC LOCATION AND ACCESS
Uniform Resource Identifier <a href="http://site.ebrary.com/lib/rucke/Doc?id=10950069">http://site.ebrary.com/lib/rucke/Doc?id=10950069</a>
Public note An electronic book accessible through the World Wide Web; click to view

No items available.

© 2026 Rongo University
Contact us: librarian | system librarian | Rongo university